000 01774nam0a2200409 4500
001 RU\NLR\BIBL_A\010943250
005 20260409071044.0
010 _a978-5-16-011049-3
_bprint
010 _a978-5-16-103112-4
_bonline
_9500
021 _aRU
_b2015-94296
_95832
035 _a(NLR Aleph) 010943250
090 _a10758765
_c10758765
100 _a20151222d2016 u y0rusy50 ca
101 0 _arus
102 _aRU
105 _aa|||j|||000yy
200 1 _aИнституциональная экономика
_eучебное пособие
_eдля студентов, обучающихся по специальности "Финансы и кредит"
_fВ. М. Пищулов
210 _aМосква
_cИНФРА-М
_d2016
_d[т.е. 2015]
215 _a158, [1] с.
_cил., портр.
_d21
225 1 _aВысшее образование - бакалавриат
225 1 _aБакалавриат
300 _aФактическая дата выхода в свет - 2015
320 _aБиблиогр. в конце гл.
606 _aИнституционализм (экон.)
_jУчебные издания для высших учебных заведений
_3RU\NLR\AUTH\66472520
_91175908
610 0 _aтеория контрактных отношений
610 0 _aтеория общественного выбора
610 0 _aэкономический империализм
610 0 _aтеория трансакционных издержек
675 _a330
686 1 _aУ010.5я73
700 1 _aПищулов
_bВ. М.
_gВиктор Михайлович
801 0 _aRU
_bРГБ
_c20151210
_gRCR
942 _cBOOK
980 _aNBR
980 _aNB